| 000 | 00368nam a2200145 i 4500 | ||
|---|---|---|---|
| 001 | bg | ||
| 100 | 1 | _aLISIECKI, Piotr | |
| 245 | 0 |
_aInformacje o prawie wynalazczym / _cPiotr Lisiecki, Andrzej Szajewski. |
|
| 260 |
_aSzczecin, _c1974. |
||
| 700 | 1 | _aSZAJEWSKI, Andrzej | |
| 040 | _cBPK | ||
| 041 | _apol | ||
| 942 | _cKS | ||
| 008 | s pl f |000 0 pol | ||
| 999 |
_c26740 _d26740 |
||
| 856 |
_uhttp://koha.tu.koszalin.pl/cgi-bin/koha/opac-detail.pl?biblionumber=26740 _yKatalog online BPK |
||